7 Continents in 30 Seconds - Statistics

General Stats
  • This quiz has been taken 22 times
  • The average score is 6 of 7
Answer Stats
Answer % Correct
Asia
100%
Africa
94%
Europe
94%
North America
94%
South America
94%
Australia / Oceania
81%
Antarctica
69%
No matching quizzes found
Score Distribution
Percent of People with Each Score
Percentile by Number Answered
Your Score History
You have not taken this quiz